000 01630nam a2200409 i 4500
001 196062
003 ES-MaACL
005 20250429063012.0
008 240811s2022 sp a | |||| 001 0 spa
015 _aMON22
017 _aCO 976-2022
_bOficina Depósito Legal Córdoba
020 _a9788416894956
035 _a(SpMaBN)a7180186
035 _a991045306189708606
040 _aSpMaBN
_bspa
_cSpMaBN
_erda
080 _a622.1/.4:061.5(460.271)(091)
100 _aBallestero, Alfonso,
_d1944-
_9238072
_eaut
245 1 0 _aUnión Española de Explosivos :
_b150 años de la empresa que fundó Alfred Nobel /
_cAlfonso Ballestero ; prólogo de José Fernando Sánchez-Junco Mans.
250 _aPrimera edición: septiembre de 2022
264 1 _aMadrid :
_bLID,
_c[2022].
264 4 _c©2022
300 _a254 páginas :
_bilustraciones (blanco y negro) ;
_c25 cm.
336 _aTexto
_2rdacontent
337 _asin mediación
_2rdamedia
338 _avolumen
_2rdacarrier
490 0 _aHistoria empresarial
500 _aIncluye apéndice documental
504 _aBibliografía: páginas 241-244. Índice
586 _aPremio LID de Biografía Empresarial
610 0 _aUnión Española de Explosivos-
_vHistoria
_9238073
700 _aSánchez-Junco Mans, José Fernando
_eaui
_9240111
852 _aES-MaACL
_bR. 153543
_cDEPOJ
_jN-9189
_hDonación: Editorial
_xEncuadernación cartoné con sobrecubiertas
_9205094
942 _cMONOGRAFIA
_n0
999 _c196062
_d196062